00000000nam##2200000za#4500
0019.650557
003CaOODSP
00520250108103511
007ta
008150407|2007||||xxc|||||     f|0| 0 eng|d
020 |a978-0-662-45168-6
040 |aCaOODSP|beng
043 |an-cn---
0861 |aV32-153/2007E
1101 |aCanada. |bVeterans Affairs Canada.
24510|aHeroes and poppies, an introduction to remembrance / |cJoint project of Veteran Affairs Canada and the Royal Canadian Legion.
250 |aRevised.
260 |aCharlottetown - Prince Edward Island : |bVeterans Affairs Canada |c2007.
300 |a1 folded sheet ([8p.]) : |breferences, photographs ; |c30 cm.
5203 |aThis teaching foldout is designed to make students think about how to remember the sacrifices and achievements made by those who served Canada and why it is so important. It provides tidbits of information about Remembrance Day; world conflict and world peace; conflicts that Canada has been involved in; the home front; and some of Canada’s veterans. Learning activity ideas and links to Web sites encourage students to learn more about each topic.
563 |aPamphlet
590 |a07-36|b2007-09-07
69007|aCommemoration|2gcpds
69007|aEducational resources|2gcpds
69007|aVeterans|2gcpds
7102 |aRoyal Canadian Legion.
77508|tHéros et coquelicots, une introduction au souvenir / |w(CaOODSP)9.683659
7760#|tHeroes and poppies : |w(CaOODSP)9.946610